000 00532nam a22001817a 4500
005 20231113093307.0
008 231113b |||||||| |||| 00| 0 eng d
020 _a0702151440
041 _aEnglish
082 _a345.6 SCH
100 _aSchwikkard, PJ
_lEnglish
245 _aPresumption of Innocence /
_cPJ Schwikkard
250 _aFirst Edition
260 _aCape Town :
_bJuta and Company Ltd,
_c1999
300 _bxix, 185 pages ;
_c25,5 cm.
650 _aLegal practice
_bLaw
942 _cBK
_6ALISON_BN_VRIES
999 _c551
_d551